000 00675nam a2200169 i 4500
001 94707
003 ES-MaACL
005 20230906181534.0
007 t|
008 050512s1939 mx ||||1| spa d
100 1 _aLoyo, Gilberto.
_974403
245 1 0 _aProposición sobre la formación con una base común y siguiendo procedimientos similares de la estadística de los movimientos migratorios estacionales dentro de un mismo país, en los Estados del Contimente Americano /
_cpor Gilberto Loyo y Emilio Alaino Patiño.
260 _aMéxico :
_bLa Nación,
_c1939.
300 _a7 p. ;
_c23 cm.
700 1 _aAlaino Patiño, Emilio.
_919085
852 _aES-MaACL
_j1818-F-25
999 _c94707
_d94707